Online
Catalog

Elementos de derecho administrativo : (Record no. 48721)

MARC details
000 -CABECERA
campo de control de longitud fija 00986nam a2200265 a 4500
001 - NÚMERO DE CONTROL
campo de control 000049233
003 - IDENTIFICADOR DEL NÚMERO DE CONTROL
campo de control DO-SdBNP
005 - FECHA Y HORA DE LA ÚLTIMA TRANSACCIÓN
campo de control 20230301131349.0
007 - CAMPO FIJO DE DESCRIPCIÓN FÍSICA--INFORMACIÓN GENERAL
campo de control de longitud fija ta
008 - DATOS DE LONGITUD FIJA--INFORMACIÓN GENERAL
campo de control de longitud fija 190731s1981 dr 000 spa d
040 ## - FUENTE DE LA CATALOGACIÓN
Centro catalogador/agencia de origen DO-SdBNP
Lengua de catalogación spa
Centro/agencia transcriptor BNPHU
082 #4 - NÚMERO DE LA CLASIFICACIÓN DECIMAL DEWEY
Número de clasificación 342.06
Número de documento/Ítem T853e, 1981
Número de edición 22
100 1# - ENTRADA PRINCIPAL--NOMBRE DE PERSONA
Nombre de persona Troncoso de la Concha, M. de J.
9 (RLIN) 14532
Forma completa/desarrollada del nombre (Manuel de Jesús)
Fechas asociadas al nombre 1878-1955.
245 10 - MENCIÓN DE TÍTULO
Título Elementos de derecho administrativo :
Resto del título con aplicación a las leyes de la República Dominicana /
Mención de responsabilidad, etc. M. de J. Troncoso de la Concha
250 ## - MENCIÓN DE EDICIÓN
Mención de edición 4a. ed. revisada, actualizada.
260 ## - PUBLICACIÓN, DISTRIBUCIÓN, ETC.
Lugar de publicación, distribución, etc. Santo Domingo :
Nombre del editor, distribuidor, etc. ONAP,
Fecha de publicación, distribución, etc. 1981.
300 ## - DESCRIPCIÓN FÍSICA
Extensión 427 p. ;
Dimensiones 22 cm.
490 1# - MENCIÓN DE SERIE
Mención de serie Estudiios jurídicos;
Designación de volumen o secuencia 6
590 ## - NOTA LOCAL (RLIN)
Nota local Inventariado, 2019 / DG
650 #4 - PUNTO DE ACCESO ADICIONAL DE MATERIA--TÉRMINO DE MATERIA
Término de materia o nombre geográfico como elemento de entrada Derecho administrativo
Subdivisión general Legislación
Subdivisión geográfica República Dominicana
9 (RLIN) 14533
650 #4 - PUNTO DE ACCESO ADICIONAL DE MATERIA--TÉRMINO DE MATERIA
Término de materia o nombre geográfico como elemento de entrada Derecho administrativo
Subdivisión geográfica República Dominicana
9 (RLIN) 3033
830 #0 - PUNTO DE ACCESO ADICIONAL DE SERIE-TÍTULO UNIFORME
Título uniforme Estudios jurídicos
Número de parte o sección de la obra 6
9 (RLIN) 11081
910 ## - DATOS DE OPCIÓN DEL USUARIO (OCLC)
Datos de opción del usuario Validado. Control de calidad. MFF
942 ## - ELEMENTOS DE PUNTO DE ACCESO ADICIONAL (KOHA)
Fuente del sistema de clasificación o colocación Dewey Decimal Classification
Tipo de ítem Koha Libro
Holdings
Estado de retiro Estado de pérdida Fuente del sistema de clasificación o colocación Restricciones de uso No para préstamo Código de colección Localización permanente Ubicación/localización actual Ubicación en estantería Fecha de adquisición Fuente de adquisición Signatura topográfica completa Código de barras Fecha visto por última vez Precio válido a partir de Tipo de ítem Koha Nota pública Número de copia
    Dewey Decimal Classification Excluido de préstamo   Patrimonio Dominicano Biblioteca Nacional Pedro Henríquez Ureña Biblioteca Nacional Pedro Henríquez Ureña Depósito 31.07.2014 Donación BNPHU PD 342.06 T853e, 1981 49234-10 25.06.2020 25.06.2020 Libro Perteneció a la biblioteca personal de Chiqui Vicioso / Fidelio Despradel.  
    Dewey Decimal Classification Excluido de préstamo   Patrimonio Dominicano Biblioteca Nacional Pedro Henríquez Ureña Biblioteca Nacional Pedro Henríquez Ureña Depósito 05.08.2022   BNPHU PD 342.06 T853e, 1981 2022-3653 05.08.2022 05.08.2022 Libro   e.2

Powered by Koha